Länder Europas mit dem höchsten/niedersten BIP - Statistiken

Allgemein
  • Dieses Quiz wurde 120 mal gespielt
  • Das Durchschnittsergebnis liegt bei 14 aus 19
Antwortstatistiken
BIP/Kopf Antwort % Korrekt
108.032€ Luxemburg
92%
81.203€ Schweiz
92%
50.772€ Schweden
91%
177.620€ Monaco
90%
62.829€ Norwegen
87%
56.930€ Dänemark
86%
6.457€ Albanien
77%
48.851€ Niederlande
76%
79.497€ Irland
75%
55.259€ Island
75%
5.290€ Kosovo
73%
5.671€ Moldawien
73%
10.360€ Serbien
72%
9.811€ Montenegro
71%
6.608€ Nordmazedonien
70%
4.348€ Ukraine
68%
7.859€ Weißrussland
63%
168.160€ Lichtenstein
30%
7.337€ Bosnien und Herzigowina
6%
Keine übereinstimmenden Quizze gefunden
Verteilung der Resultate
Anzahl Personen mit jedem Resultat
Perzentil nach korrekt beantworteten Fragen
Ihre Resultats-Entwicklung
Sie haben dieses Quiz noch nicht gespielt